Lagar
-д хадгалсан:
| Формат: | Ном |
|---|---|
| Хэл сонгох: | испани |
| Хэвлэсэн: |
Santiago
Del Pacífico S. A
1954
|
| Хэвлэл: | 1a. ed |
| Цуврал: | Obras Selectas, 6
|
| Нөхцлүүд: | |
| Шошгууд: |
Шошго нэмэх
Шошго байхгүй, Энэхүү баримтыг шошголох эхний хүн болох!
|
MARC
| LEADER | 00000cam a2200000 a 4500 | ||
|---|---|---|---|
| 001 | UCE8669 | ||
| 003 | CL-VaPUC | ||
| 008 | 150827e19540000cl |||||||||||||||||spa|d | ||
| 082 | 0 | 4 | |a Ch861 |b MIS |2 21 |
| 245 | 1 | 0 | |a Lagar |
| 250 | |a 1a. ed | ||
| 300 | |a 188 p | ||
| 942 | |c BK | ||
| 945 | |d 20150827 16:13:00 |a dcastane | ||
| 260 | |a Santiago |b Del Pacífico S. A |c 1954 | ||
| 650 | 0 | |a Poesías chilenas |9 265280 | |
| 650 | 0 | |a Literatura chilena |9 308278 | |
| 583 | |a last modification |c 20150827 16:13:00 |k Rodrigo Vera | ||
| 490 | 0 | |a Obras Selectas, 6 | |
| 999 | |c 360455 |d 360453 | ||
| 952 | |0 0 |1 0 |3 erb |4 0 |6 CH_861_000000000000000_MIS_1954 |7 0 |8 X |9 470287 |a FDOBUD |b FDOBUD |e Valenzuela Fuenzalida, Alvaro Miguel, 1932- |i 5203066 |o Ch861 MIS 1954 |p 5203066 |r 2019-11-23 |w 2019-11-23 |y BK_X |z Catalogado en:20150827 |k BUD | ||